000 01443 a2200277 4500
001 57114
005 20260407155833.0
008 260407a2021 arg spa d
003 AR-UNSa-BCEJYS
040 _aAR-UNSa-BCEJYS
_bspa
_cAR-UNSa-BCEJYS
080 _a657
_xContabilidad
245 1 0 _aLecturas de contabilidad básica
_pcon ejercicios de aplicación
020 _a978-987-716-145-8
250 _a4a. ed.
264 1 _aBuenos Aires :
_bOsmar D. Buyatti
_c2021
300 _a577 p.
_c22 cm.
505 _a1. El marco general de la contabilidad - 2. Fundamentos de la contabilidad patrimonial - 3. Actividades y operaciones de las organizaciones - 4. El proceso contable - 5. Cajas y bancos - 6. Créditos - 7. Bienes de cambio (Inventarios) - 8. Bienes de cambio. Empresa industrial - 9. Bienes de cambio. Empresa de servicios - 10. Bienes de uso (propiedades, planta y equipo) - 11. Activos intangibles - 12. Inversiones y propiedades de inversión - 13. Deudas - 14. Previsiones - 15. Patrimonio Neto - 16. Culminación del proceso contable - 17. Ajuste por inflación - 18. Las normas internacionales de información financiera (NIIF)
041 _aspa
942 _cBK
590 _aniveau_biblio:m niveau_hierar:0
100 1 _aSimaro, Jorge D.
700 1 _aTonelli, Omar E.
650 _aNIIF
856 4 1 _uhttps://biblioeco.unsa.edu.ar/pmb/images/libros/L128684.jpg
_yImagen de portada
_qimage/jpeg
650 _a niif
999 _c6116
_d6116